Choroby po francusku - Statystyki

Ogólne statystyki
  • Ten quiz został rozwiązany 30 razy
  • Średni wynik to 6 z 8
Statystyki odpowiedzi
po polsku po francusku % Poprawnych
diagnoza le diagnostic
83%
złamanie une fracture
83%
grypa un grippe
83%
przeziębienie un rhume
83%
ból gardła une angine
67%
skręcenie une entorse
67%
niestrawność une indigestion
67%
zatrucie pokarmowe une intoxication alimentarie
50%
Nie znaleziono quizów pasujących do podanych kryteriów
Rozkład punktacji
Procent ludzi z każdym wynikiem
Percentyl według liczby udzielonych odpowiedzi
Twoja historia wyników
Nie rozwiązałeś tego quizu